| 000 | 00641nam a22002297a 4500 | ||
|---|---|---|---|
| 005 | 20260418085924.0 | ||
| 008 | 260418b |||||||| |||| 00| 0 eng d | ||
| 020 |
_a978-93-87956-56-8 _c400 |
||
| 040 | _aMAIN | ||
| 041 | _aeng | ||
| 082 |
_a370 _bDEK |
||
| 100 |
_aDeka, N. _qDr. Nabanita |
||
| 245 |
_aAn Introduction to Higher Secondary Education _bFor Second Year |
||
| 250 | _a2nd Ed. | ||
| 260 |
_aDibrugarh _bPradyut Hazarika, Banalata _c2022 |
||
| 300 |
_a314 p. ; _c18 x 25 cm |
||
| 505 | _aAHSEC For 2nd Year Class 12 | ||
| 650 | _aEducation | ||
| 700 | _bDas, Phunu | ||
| 700 | _bBhagabati, Parthana | ||
| 942 |
_2ddc _cBK |
||
| 999 |
_c16365 _d16365 |
||